000 00395nam a2200133 i 4500
001 bg
245 0 _aKodeks cywilny z przepisami wykonawczymi ; Kodeks rodzinny i opiekuńczy ; Prawo prywatne międzynarodowe.
250 _aStan prawny na dzień 10 grudnia 1985 r.
260 _aWarszawa,
_c1986.
040 _cBPK
041 _apol
942 _cKS
008 s pl f |000 0 pol
999 _c28373
_d28373
856 _uhttp://koha.tu.koszalin.pl/cgi-bin/koha/opac-detail.pl?biblionumber=28373
_yKatalog online BPK